|
|
|
|
| LEADER |
01999nmm a2200493 a 4500 |
| 001 |
000882107 |
| 003 |
CZ BrMZK |
| 005 |
20080507112447.0 |
| 008 |
080116s2007 xr e i |||||||cze d |
| 020 |
|
|
|a 978-80-86792-33-0
|q (CDR)
|
| 040 |
|
|
|a BOA001
|b cze
|
| 072 |
|
7 |
|a 004
|x Počítačová věda. Výpočetní technika. Informační technologie
|2 Konspekt
|9 23
|
| 072 |
|
7 |
|a 37.016
|x Učební osnovy. Vyučovací předměty. Učebnice
|2 Konspekt
|9 22
|
| 080 |
|
|
|a 004.738.5
|2 MRF
|
| 080 |
|
|
|a 658.114:004.738
|2 MRF
|
| 080 |
|
|
|a 004.38-027.22
|2 MRF
|
| 080 |
|
|
|a 316.344.6-056.263
|2 MRF
|
| 080 |
|
|
|a 004.42.032.6:371.3
|2 MRF
|
| 080 |
|
|
|a 371.3:004
|2 MRF
|
| 080 |
|
|
|a (07)
|2 MRF
|
| 080 |
|
|
|a (0.034.44)
|2 MRF
|
| 100 |
1 |
|
|a Vrabec, Vladimír,
|d 1932-
|7 jn20010309346
|
| 245 |
0 |
0 |
|a Základní návody jak využít Internat k podnikání
|h [elektronický zdroj] /
|c Vladimír Vrabec ; Naďa Dingová
|
| 256 |
|
|
|a Data (433 GB)
|
| 260 |
|
|
|a [Praha :
|b Federace rodičů a přátel sluchově postižených,
|c 2007]
|
| 300 |
|
|
|a 1 CD-ROM :
|b barev. ;
|c 12 cm +
|e 1 leták (12 x 12 cm)
|
| 500 |
|
|
|a Soubor e-learningových vzdělávacích kursů (nejen) pro neslyšící
|
| 500 |
|
|
|a Verze 7.12.03
|
| 650 |
0 |
7 |
|a internet
|7 ph117022
|2 czenas
|
| 650 |
0 |
7 |
|a elektronické podnikání
|7 ph361993
|2 czenas
|
| 650 |
0 |
7 |
|a práce s počítačem
|7 ph115909
|2 czenas
|
| 650 |
0 |
7 |
|a neslyšící
|7 ph137297
|2 czenas
|
| 650 |
0 |
7 |
|a multimediální výukové programy
|7 ph115378
|2 czenas
|
| 650 |
0 |
7 |
|a e-learning
|7 ph196647
|2 czenas
|
| 655 |
|
7 |
|a učební texty
|7 fd133599
|2 czenas
|
| 655 |
|
7 |
|a CD-ROM
|7 fd133955
|2 czenas
|
| 700 |
1 |
|
|a Hynková Dingová, Naďa,
|d 1975-2024
|7 mzk2008434021
|4 trl
|
| 700 |
1 |
|
|a Kulda, Martin
|4 trl
|
| 700 |
1 |
|
|a Vrabec, Ondřej,
|c informatik
|4 oth
|
| 700 |
1 |
|
|a Slížková, Lenka
|4 oth
|
| 910 |
2 |
|
|a BOA001
|b CDR-1203.430
|
| 990 |
|
|
|a CF
|
| 991 |
|
|
|b 200805
|
| 996 |
3 |
|
|b 2610341853
|c CDR-1203.430
|l Stud. periodik/2.patro
|r Sklad / do 1 hodiny
|n 0
|p p.v.
|w 000882107
|u 000010
|a 1
|e BOA001
|j MZK50
|s N
|